Návrh prevodovky pre hnací mechanizmus elektrického vozidla kategórie L7e
Salvato in:
| Autore principale: | |
|---|---|
| Altri autori: | |
| Natura: | Manoscritto Libro |
| Lingua: | slovacco |
| Pubblicazione: |
2022
|
| Soggetti: | |
| Accesso online: | http://is.stuba.sk/zp/portal_zp.pl?podrobnosti=166247 |
| Tags: |
Nessun Tag, puoi essere il primo ad aggiungerne!!
|
MARC
| LEADER | 00000ntm a22000003a 4500 | ||
|---|---|---|---|
| 001 | stuzp90952 | ||
| 003 | SK-STU | ||
| 005 | 20220611214207.1 | ||
| 007 | ta | ||
| 008 | 150427s2015----xo-----f-mn---000-0-slo-d | ||
| 040 | |a STU |b slo | ||
| 041 | 0 | |a slo | |
| 100 | 1 | |a Beneš, Ondrej |u 020030 |4 aut |U SjF Strojnícka fakulta |T SjF Ústav dopravnej techniky a konštruovania |X 112864 |U J0030 |Y 806 |7 112864 | |
| 242 | 0 | 1 | |a Design of transmission for drive mechanism of electric vehicle category L7e |y eng |
| 245 | 1 | 0 | |a Návrh prevodovky pre hnací mechanizmus elektrického vozidla kategórie L7e |
| 260 | |c 2022 | ||
| 650 | 4 | |a elektromobil |2 slo | |
| 650 | 4 | |a prevodovka |2 slo | |
| 650 | 4 | |a hypoidné ozubenie |2 slo | |
| 650 | 4 | |a pastorok |2 slo | |
| 650 | 4 | |a tanierové koleso |2 slo | |
| 650 | 4 | |a transmission |2 eng | |
| 650 | 4 | |a hypoid gearbox |2 eng | |
| 650 | 4 | |a bevel pinion |2 eng | |
| 650 | 4 | |a bevel ring gear |2 eng | |
| 650 | 4 | |a electric car |2 eng | |
| 700 | 1 | |a Milesich, Tomáš |u 020030 |k Z2 |4 ths |U SjF Strojnícka fakulta |T SjF Ústav dopravnej techniky a konštruovania |X 49630 |U J0030 |Y 806 |7 A000049630 | |
| 856 | 4 | |u http://is.stuba.sk/zp/portal_zp.pl?podrobnosti=166247 | |
| 996 | |b 284J046957 |c J* 3457/DBP |l JJSK |s A |a 24 |w stuzp90952_0001 | ||